000 01059nam a2200241Ia 4500
003 OSt
005 20200713213628.0
008 191128s2016 ck a br 000 f spa d
020 _a9789588954332
040 _aCO-JMCR
_cCO-JMCR
041 _aspa
082 0 4 _aN /
_bICIi
100 1 _aIcinori,
_eautor
_97164
245 1 0 _aIssun Bôshi :
_bel niño que no era más alto que un pulgar /
_cIcinori ; traducción Teresa Duran
260 1 4 _aBogotá :
_bEkaré,
_c2016
300 _b ilustraciones a color :
_a30 páginas sin numerar ;
_c33 cm.
490 0 _aLeer es mi cuento
500 _aPlan Nacional de Lectura y Escritura. Leer es mi cuento. Recomendado apartir de los 6 años.
520 _aHabía una pareja de campesinos que no tenía hijos. Todos los días, se alentaban cantando: "Queremos un hijo nuestro, aunque sea chiquitín. Lo amaremos pequeño, pequeñito, pequeñín…". Su deseo se cumplió. Al niño lo llamaron Issun Bôshi.
650 1 4 _aCuentos infantiles
_97165
700 _aDuran, Teresa,
_etraductora
_92953
942 _2ddc
_cBK
999 _c4228
_d4228